Art forum / (Record no. 1128)

MARC details
000 -LEADER
campo de control de longitud fija 00684nam a22001577a 4500
008 - DATOS DE LONGITUD FIJA--INFORMACIÓN GENERAL
campo de control de longitud fija 170125s2014 ag||||| |||| 00| 0 spa d
082 04 - NÚMERO DE LA CLASIFICACIÓN DECIMAL DEWEY
Número de clasificación 708
Número de ítem C177ar
100 1# - ENTRADA PRINCIPAL--NOMBRE DE PERSONA
Nombre de persona Cambre, Juan José.
9 (RLIN) 4802
245 14 - MENCIÓN DEL TÍTULO
Título Art forum /
Mención de responsabilidad, etc. Juan José Cambre ; curaduría por Lucrecia Palacios ; Museo Emilio Caraffa.
250 ## - MENCION DE EDICION
Mención de edición 1a ed.
260 ## - PUBLICACIÓN, DISTRIBUCIÓN, ETC.
Lugar de publicación, distribución, etc. Buenos Aires, Argentina :
Nombre del editor, distribuidor, etc. Museo Emilio Caraffa,
Fecha de publicación, distribución, etc. 2014.
300 ## - DESCRIPCIÓN FÍSICA
Extensión 42 p.
Otras características físicas il. col.
500 ## - NOTA GENERAL
Nota general Catálogo publicado con motivo a la exhibición "Desde el paisaje, una teoría del encuadre", presentada del 15 de mayo al 10 d ejunio de 2014, en Museo Emilio Caraffa.
700 1# - ENTRADA AGREGADA--NOMBRE PERSONAL
Nombre de persona Palacios, Lucrecia.
9 (RLIN) 5710
710 a# - ENTRADA AGREGADA--NOMBRE DE ENTIDAD CORPORATIVA
Nombre de entidad corporativa o nombre de jurisdicción como elemento de entrada Museo Emilio Caraffa.
9 (RLIN) 5711
Holdings
Estatus retirado Estado de pérdida Fuente del sistema de clasificación o colocación Estado de daño No para préstamo Biblioteca de origen Biblioteca actual Ubicación en estantería Fecha de adquisición Total de préstamos Signatura topográfica completa Código de barras Visto por última vez Precio de reemplazo Tipo de ítem Koha
    Clasificación Decimal Dewey     Biblioteca LadoV Biblioteca LadoV   25/01/2017   708 C177ar 004295 25/01/2017 25/01/2017 Material 01